Statystyki dla Z jakiego państwa są te kluby? #3

Kliknij tutaj aby rozwiązać quiz!

Ogólne statystyki

  • Ten quiz został rozwiązany 144 razy
  • Średni wynik to 11 z 12

Statystyki odpowiedzi

Odpowiedź% Poprawnych
Ukraina
100%
Belgia
99%
Niemcy
98%
Stany Zjednoczone
98%
Hiszpania
96%
Chiny
95%
Anglia
93%
Arabia Saudyjska
92%
Brazylia
91%
Korea Południowa
87%
Szwajcaria
81%
Japonia
68%

Rozkład punktacji

Percentyl według liczby udzielonych odpowiedzi

Procent ludzi z każdym wynikiem

Twoja historia wyników

Nie rozwiązałeś tego quizu